ბათუმის შოთა რუსთაველის სახელმწიფო უნივერსიტეტის ბიბლიოთეკა

გერმანული დრამის ისტორია : (ბიბ.ჩანაწერი № 61370)

000 -ლიდერი
ფიქსირებული სიგრძის საკონტროლო ველი 01135nam a22002297a 4500
003 - საკონტროლო ნომრის იდენტიფიკატორი
საკონტროლო ველი Ge_BSU
005 - ბოლო ოპერაციის თარიღი და დრო
საკონტროლო ველი 20240226130636.0
008 - ფიქსირებული სიგრძის მონაცემთა ელემენტები - ზოგადი ინფორმაცია
ფიქსირებული სიგრძის საკონტროლო ველი 240226s2009 ge ||||| |||| 00| 0 geo d
020 ## - წიგნის საერთაშორისო სტანდარტული ნომერი
International Standard Book Number 9789941408151
041 ## - ენის კოდი
Language code of text/sound track or separate title geo
080 ## - უნივერსალური ათობითი კლასიფიკაციის ინდექსი
Universal Decimal Classification number 821.112.2(075.8) კ-17
100 ## - მთავარი ჩანაწერი - პიროვნების სახელი
Personal name კაკაურიძე, ნ.
9 (RLIN) 21289
245 ## - ცნობა სათაურის შესახებ
Title გერმანული დრამის ისტორია :
Remainder of title სახელმძღვანელო /
Statement of responsibility, etc ნ. კაკაურიძე, ი. შიშინაშვილი, ნ. ნასარიძე; რედ. ბაია კოღუაშვილი.
264 ## - წარმოების, გამოცემის, დისტრიბუციის და სხვა ცნობები
გამოცემის, წარმოების, დისტრიბუციის... ადგილი ქუთაისი :
გამოცემის, წარმოების, დისტრიბუციის... სახელწოდება აწსუ,
გამოცემის, წარმოების, დისტრიბუციის... თარიღი 2009.
300 ## - ფიზიკური აღწერა
Extent 358 გვ.;
Other physical details 20 სმ.
504 ## - BIBLIOGRAPHY, ETC. NOTE
Bibliography, etc ბიბლიოგრ. გვ. 340-356
653 ## - INDEX TERM--UNCONTROLLED
Uncontrolled term გერმანული დრამის თეორია
700 ## - ADDED ENTRY--PERSONAL NAME
Personal name შიშინაშვილი, ი.
Relator term ავტორი
9 (RLIN) 21290
700 ## - ADDED ENTRY--PERSONAL NAME
Personal name ნასარიძე., ნ.
Relator term ავტორი
9 (RLIN) 21291
700 ## - ADDED ENTRY--PERSONAL NAME
Personal name კოღუაშვილი, ბაია
Relator term რედაქტორი
9 (RLIN) 21292
942 ## - ADDED ENTRY ELEMENTS (KOHA)
Source of classification or shelving scheme
Koha item type წიგნი
ეგზემპლარები
ჩამოწერის სტატუსი დაკარგული ეგზემპლარის სტატუსი კლასიფიკაციის წყარო ან თაროზე გაწყობის სქემა დაზიანების სტატუსი არ გაიცემა მუდმივი მდებარეობა (დაცვის ადგილი) ამჟამინდელი ადგილსამყოფელი თაროზე განთავსების ადგილი შეძენის თარიღი ღირებულება, შესყიდვის ნორმალური ფასი სრული შენახვის შიფრი შტრიხკოდი ბოლო ოპერაციის თარიღი ეგზემპლარის მიმდევრობითი ნომერი (კეტერი?) Uniform Resource Identifier ფასის ძალაში შესვლის თარიღი ეგზემპლარის სახეობა საჯარო შენიშვნა
          ბათუმის შოთა რუსთაველის სახელმწიფო უნივერსიტეტის მთავარი ბიბლიოთეკა ბათუმის შოთა რუსთაველის სახელმწიფო უნივერსიტეტის მთავარი ბიბლიოთეკა წიგნსაცავი 2024-02-26 10.00 821.112.2(075.8) კ-17 67591 2024-02-26 67591 ნაჩუქარი 2024-02-26 წიგნი 10 ლ.